Ako na vysokú školu informácie pre záujemcov o štúdium na vysokých školách v Slovenskej republike v akademickom roku 2006/2007
Salvato in:
| Natura: | Libro |
|---|---|
| Lingua: | slovacco |
| Pubblicazione: |
Bratislava
Ústav informácií a prognóz školstva
2005
|
| Soggetti: | |
| Tags: |
Nessun Tag, puoi essere il primo ad aggiungerne!!
|
MARC
| LEADER | 00000nam$a2200000$$$4500 | ||
|---|---|---|---|
| 001 | 0037918 | ||
| 005 | 20240318125505.6 | ||
| 020 | |a 80-7098-424-4 | ||
| 041 | 0 | |a slo | |
| 044 | |a SK | ||
| 245 | 1 | 0 | |a Ako na vysokú školu |b informácie pre záujemcov o štúdium na vysokých školách v Slovenskej republike v akademickom roku 2006/2007 |
| 264 | 1 | |a Bratislava |b Ústav informácií a prognóz školstva |c 2005 | |
| 300 | |a 402 s. | ||
| 610 | 2 | 0 | |a školy vysoké |
| 610 | 2 | 0 | |a vzdelanie vysokoškolské |
| 610 | 2 | 0 | |a skúšky prijímacie |
| 610 | 2 | 0 | |a programy študijné |
| 610 | 2 | 0 | |a štúdium doktorandské |
| 610 | 2 | 0 | |a poradenstvo |
| 610 | 2 | 0 | |a študenti |